[Event "TUR-chT Clubs"]
[Site "Konya"]
[Date "2019.07.17"]
[Round "3.13"]
[White "Korkuc, Cagatay"]
[Black "Bulmus, Irem Duru"]
[Result "1/2-1/2"]
[WhiteElo "1646"]
[BlackElo "1249"]
[PlyCount "115"]
[EventDate "2019.07.16"]
[EventType "team-swiss"]
[EventRounds "9"]
[EventCountry "TUR"]
[SourceTitle "CBM 191 Extra"]
[Source "ChessBase"]
[SourceDate "2019.09.30"]
[SourceVersion "1"]
[SourceVersionDate "2019.09.30"]
[SourceQuality "1"]
[WhiteTeam "Engin Gulec Genclik"]
[BlackTeam "Ermenek Turkuaz Yelken"]
[WhiteTeamCountry "TUR"]
[BlackTeamCountry "TUR"]

1. e4 c5 2. Nf3 e6 3. d4 cxd4 4. Nxd4 a6 5. Nc3 Nc6 6. Be3 Qc7 7. Qd2 Nf6 8. 0-0-0 Bb4 9. f3 d5 10. a3 Bxc3 11. Qxc3 dxe4 12. Nxc6 Qxc6 13. Qd4 0-0 14. fxe4 Qxe4 15. Qxe4 Nxe4 16. Bb6 Nf6 17. Bc4 Nd7 18. Ba5 Nf6 19. h3 b5 20. Bb3 Bb7 21. Rhg1 Nd5 22. g3 Ne3 23. Rd4 Bd5 24. Bxd5 Nxd5 25. Rgd1 Ne3 26. R1d3 Nc4 27. Bb4 Rfe8 28. b3 Ne5 29. Re3 Nc6 30. Rd7 Nxb4 31. axb4 Red8 32. Red3 Rxd7 33. Rxd7 e5 34. Kd2 Kf8 35. Ke3 Rc8 36. Kd3 e4+ 37. Kxe4 Rxc2 38. Rd3 Rc6 39. Kd5 Rf6 40. Rc3 Ke8 41. Re3+ Kd7 42. Rc3 Rd6+ 43. Ke5 f6+ 44. Ke4 g6 45. g4 Re6+ 46. Kf4 Rd6 47. Ke4 Re6+ 48. Kf4 Re5 49. h4 Rd5 50. Ke4 Re5+ 51. Kf4 Re6 52. Rc2 Rd6 53. Ke4 Rd1 54. Rf2 Rd6 55. Rc2 Re6+ 56. Kf4 Re1 57. Ra2 Re6 58. Rc2 1/2-1/2